Extension of modern exploitation techniques in small holdings (Record no. 52962)

MARC details
000 -LEADER
fixed length control field 00549nam a2200169Ia 4500
100 ## - MAIN ENTRY--AUTHOR NAME
Personal name Thomas K.U.
245 #0 - TITLE STATEMENT
Title Extension of modern exploitation techniques in small holdings
260 ## - PUBLICATION, DISTRIBUTION, ETC. (IMPRINT)
Name of publisher IRRDB Symposium on Challenges for Natural Rubber in Globalization, 15-17 September 2003, Chiang Mai, Thailand
Year of publication 2003
650 ## - SUBJECT ADDED ENTRY--TOPICAL TERM
Topical Term Panel change
650 ## - SUBJECT ADDED ENTRY--TOPICAL TERM
Topical Term Smallholdings
650 ## - SUBJECT ADDED ENTRY--TOPICAL TERM
Topical Term Tapping system
700 ## - ADDED ENTRY--PERSONAL NAME
Personal name Karunaichamy K.
700 ## - ADDED ENTRY--PERSONAL NAME
Personal name Rajagopal R.
700 ## - ADDED ENTRY--PERSONAL NAME
Personal name Vijayakumar K.R.
942 ## - ADDED ENTRY ELEMENTS (KOHA)
Koha item type Bibliography STAF
Holdings
Withdrawn status Lost status Damaged status Not for loan Home library Current library Date acquired Koha item type
      Bibliography RRII Library RRII Library 09/04/2014 Bibliography STAF